00540 a2200181 4500020001600000020002400016050001800040100003300058245006200091250001200153264003700165300001700202440002500219500006000244500002000304650001300324700002100337 a0198761287  a0198761295 (pbk.) :00aKD810LAW 19821 aLawson, F. H.d1897-eauthor14aThe law of property /cby F.H. Lawson and Bernard Rudden. a2nd ed. aOxford:bclarendon press.,c1982 aix, 247 p. ; 0aClarendon law series aRev. ed. of: Introduction to the law of property. 1958. aIncludes index. 0aProperty1 aRudden, Bernard.